| 000 | 00555nam a2200193 a 4500 | ||
|---|---|---|---|
| 005 | 20210223124936.0 | ||
| 008 | 081126s2004 mx r 000 0 spa d | ||
| 020 | _a9685142408 | ||
| 035 | _aUPN01000124172 | ||
| 049 | _aI | ||
| 050 | 4 |
_aQE841 _bV5.3 |
|
| 245 | 0 | 3 | _aLa vida acuática extinta. |
| 260 |
_aMéxico : _bCorreo del Maestro : _bLa Vasija, _cc2004. |
||
| 300 |
_a48 p. : _bil. col. |
||
| 440 | 0 | _aEspecies extintas | |
| 650 | 4 |
_aANIMALES MARINOS FOSILES - _vLITERATURA JUVENIL _912909 |
|
| 650 | 4 |
_aANIMALES EXTINTOS _91057 |
|
| 905 | _aInfantil | ||
| 999 |
_c96351 _d96351 |
||